000 01154aam a2200289 a 4500
999 _c411088
_d411088
003 BLK
005 20250726094845.0
008 180828b bul||||| |||| 00| 0 bul d
020 _a9789543896127
040 _aBLK
041 _aBUL
_cBUL
080 _aИталианска литература
_b821.131.1
_x-31
_z821.131.1-31
100 _aДебиази, Корадо
_eпърви автор
_91299
139 _aДебиази, Корадо
_bД 31
245 _aМонахът, който обичаше котки
_cКорадо Дебиази, прев. Тонина Манфреди.
257 _aITA
260 _c2021
_9209478
_aСофия
_bЕра
_n978-954-9395- ; 978-954-389-
_f([Костинброд] : Мултипринт ООД
300 _a255 с.
_c20 см
380 _aX
500 _aОриг. загл.: Il monaco che amava i gatti / Corrado Debiasi
700 _9336430
_aМанфреди, Тонина
_eпрев. от итал.
852 _aЦб 314878
_bЦб
856 _i0.00
_ldisable
942 _cKNG
_2udc
_n0
_032
_s1
944 _aCR
_c2021-04-26
_k30575
_lМартин Енчев
999 _d411088